Endocalidad <la> dimensión emocional y espiritual del ser humano en el ámbito de la empresa

Gespeichert in:
Bibliographische Detailangaben
1. Verfasser: O'Donnell, Ken
Format: Buch
Sprache:Spanisch
Veröffentlicht: Barcelona Oniro 1999
Schriftenreihe:Empresa y desarrollo personal
Schlagworte:
Tags: Tag hinzufügen
Keine Tags, Fügen Sie das erste Tag hinzu!

MARC

LEADER 00000nam a2200000 4500
001 c131703
005 20221221084241.8
020 |a 84-89920-54-0 
041 0 |a spa 
044 |a ES 
245 1 0 |a Endocalidad  |b <la> dimensión emocional y espiritual del ser humano en el ámbito de la empresa  |c Ken O'Donnell 
264 1 |a Barcelona  |b Oniro  |c 1999 
300 |a 188 s. 
490 1 |a Empresa y desarrollo personal 
830 0 |a Empresa y desarrollo personal 
610 2 0 |a kvalita 
610 2 0 |a filozofia 
610 2 0 |a psychológia 
100 1 |a O'Donnell, Ken